Modern methods of construction in Germany (Record no. 105006)
[ view plain ]
| 000 -LEADER | |
|---|---|
| fixed length control field | 01200cam a2200229 4500 |
| 001 - CONTROL NUMBER | |
| control field | ##L132072 |
| 008 - FIXED-LENGTH DATA ELEMENTS--GENERAL INFORMATION | |
| fixed length control field | 051223n2004 000 0 eng u |
| 035 ## - SYSTEM CONTROL NUMBER | |
| System control number | (Sirsi) u132072 |
| 041 0# - LANGUAGE CODE | |
| Language code of text/sound track or separate title | eng |
| 050 04 - LIBRARY OF CONGRESS CALL NUMBER | |
| Classification number | 690.97943 $2 18 |
| 110 2# - MAIN ENTRY--CORPORATE NAME | |
| Corporate name or jurisdiction name as entry element | United Kingdom |
| Subordinate unit | Department of Trade and Industry |
| 245 00 - TITLE STATEMENT | |
| Title | Modern methods of construction in Germany |
| Remainder of title | playing the off-site rule |
| 260 ## - PUBLICATION, DISTRIBUTION, ETC. | |
| Name of publisher, distributor, etc. | Pera Innovation Ltd |
| Date of publication, distribution, etc. | 2004 |
| 300 ## - PHYSICAL DESCRIPTION | |
| Extent | 76p |
| Other physical details | ill |
| Dimensions | 30cm |
| 505 2# - FORMATTED CONTENTS NOTE | |
| Formatted contents note | Executive summary - introduction - housing in Germany - design aspects and customer services - housing technologies - post-production aspects - commentary and conclusions |
| 520 ## - SUMMARY, ETC. | |
| Summary, etc. | This DTI Global Watch Mission report examines the use made of off-site manufacturing (OSM) in the German housing industry. Discusses housing market in Germany, including tenure patterns, design aspects of OSM housing, housing technologies, including reviews of leading OSM manufacturers and their products, and post-production aspects, such as transport of components and on-site assembly processes. |
| 651 #4 - SUBJECT ADDED ENTRY--GEOGRAPHIC NAME | |
| Geographic name | GERMANY |
| 690 ## - LOCAL SUBJECT ADDED ENTRY--TOPICAL TERM (OCLC, RLIN) | |
| Topical term or geographic name as entry element | BUILT ENVIRONMENT-CONSTRUCTION DESIGN |
| 700 1# - ADDED ENTRY--PERSONAL NAME | |
| Personal name | Venables, Tim |
| 700 1# - ADDED ENTRY--PERSONAL NAME | |
| Personal name | Courtney, Roger |
| 942 ## - ADDED ENTRY ELEMENTS (KOHA) | |
| Suppress in OPAC | 0 |
| Withdrawn status | Lost status | Source of classification or shelving scheme | Damaged status | Not for loan | Home library | Current library | Shelving location | Date acquired | Total Checkouts | Full call number | Barcode | Date last seen | Date last checked out | Copy number | Price effective from | Koha item type |
|---|---|---|---|---|---|---|---|---|---|---|---|---|---|---|---|---|
| Dewey Decimal Classification | London | London | RICS Boxes | 04/01/2006 | 4 | F690.97943 DTI | 30071809 | 06/08/2019 | 08/03/2007 | 1 | 06/08/2019 | Book |